01006cam a22003254i 4500003000900000005001700009008004100026035001900067040003300086082002400119100002800143245004200171264004100213300003800254336002100292337002500313338002300338505022300361526001000584526001000594526001000604526001000614526000800624526000800632526000800640526000800648526000800656526000800664526000800672PE-LiUPU20250731173203.0150625s1992 sp r 000 0 spa d a(Sirsi) a30571 aPE-LiUPUbspacPE-LiUPUerda04a220.008 P2bS182211 aSalas, Antonio,eautor.14aLos Orígenes :bDEl Edén a Babel. 1aMadrid :bEdiciones Paulinas,c1992. a151 páginas ;c21 centímetros atext2rdacontent aunmediated2rdamedia avolume2rdacarrier0 aLa prehistoria biblica. -Origen del mundo. -Origen del hombre. -Origen del pecado. -Cain y Abel: el primer fraticidio. -Pecado e historia los patriarcas anteriores al diluvio. -El diluvio universal. -La torre de Babel. aSEG42 aSEG41 aSEG40 aSEG39 aP94 aP87 aP86 aP85 aP77 aP76 aP35